| 000 | 00000nam 2200000za 4500 |
| 001 | 9.587781 |
| 003 | CaOODSP |
| 005 | 20210624194812 |
| 007 | cr ||||||||||| |
| 008 | 150406s2011 quc|||||o f|0| 0 eng d |
| 040 | |aCaOODSP|beng |
| 041 | |aeng |
| 041 | |afre |
| 043 | |an-cn--- |
| 086 | 1 |aS52-2/280-2011-PDF |
| 110 | 1 |aCanada. |bPublic Works and Government Services Canada. |bTranslation Bureau. |
| 245 | 10|aCompetition Tribunal glossary |h[electronic resource]. |
| 260 | |aGatineau : |bPublic Works and Government Services Canada, |cc2011. |
| 300 | |a160 p. |
| 490 | 1 |aTerminology bulletin ; |v280 |
| 500 | |aIncorrect ISBN (978-1-100-53845-7) printed on this publication. |
| 590 | |a13-11-Supp|b2013-04-26 |
| 792 | |tLexique du Tribunal de la concurrence |efre|w(CaOODSP)9.587782 |
| 830 | #0|aTerminology bulletin ;|v280|w(CaOODSP)9.500139 |
| 856 | 40|ahttp://publications.gc.ca|qPDF|s987 KB|uhttps://publications.gc.ca/collections/collection_2013/tpsgc-pwgsc/S52-2-280-2011.pdf |